Normal view
MARC view
Entry Personal Name
001 - CONTROL NUMBER
- control field: 73862
003 - CONTROL NUMBER IDENTIFIER
- control field: OSt
005 - DATE AND TIME OF LATEST TRANSACTION
- control field: 20190319160045.0
008 - FIXED-LENGTH DATA ELEMENTS
- fixed length control field: 190319|| aca||aabn | a|a d
040 ## - CATALOGING SOURCE
- Original cataloging agency: OSt
- Transcribing agency: OSt
100 ## - HEADING--PERSONAL NAME
- Personal name: Pande,Susmita
670 ## - SOURCE DATA FOUND
- Source citation: Work cat.: (OSt): Pande,Susmita, Bhakti Doctrines, Art & Culture as in Vaishnava Puranas, 2014









